000 00253nam a22001217a 4500
008 181008b xxu||||| |||| 00| 0 eng d
041 _aeng
080 _a941
100 _a16
101 _aHIS
245 _aPefect History
_cGeorge.h
942 _2udc
_cBK
999 _c49054
_d49054